How To Stage A Coup And Ten Other Lessons from the World of Secret Statecraft

Saved in:
Bibliographic Details
Main Author: Cormac, Rory
Format: Book
Language:English
Published: London Atlantic Books 2023
Subjects:
Tags: Add Tag
No Tags, Be the first to tag this record!

MARC

LEADER 00000nam a2200000 4500
001 0302713
005 20240910120057.1
020 |a 978-1-83895-564-9 
041 0 |a eng 
044 |a GB 
245 1 0 |a How To Stage A Coup  |b And Ten Other Lessons from the World of Secret Statecraft  |c Rory Cormac 
264 1 |a London  |b Atlantic Books  |c 2023 
300 |a 375 s. 
610 2 0 |a demokracia 
610 2 0 |a voľby 
610 2 0 |a vojny 
610 2 0 |a konflikty 
610 2 0 |a politika vnútorná 
610 2 0 |a nestabilita politická 
610 2 0 |a demonštrácie 
610 2 0 |a hnutie revolučné 
610 2 0 |a neposlušnosť občianska 
100 1 |a Cormac, Rory